00535nam a2200193 a 4500001001300000003000900013005001700022008004100039020002300080082001300103100002000116245004900136260004800185300000900233500003500242505002400277650002000301700002000321nice12345678IN_TiNIC20260116013251.0050524s1998 bana grp 000 0 eng  a8170867 c12000a260bOLI aOlivera, George aOn Tolerationb from Theory to Social Praxis aBangalorebAsian Trading Corporation c1998 a191p aincludes index and biblioraphy2 aBibliography, Index aTheology-Social1 aOlivera, George